Tilastot visalle 15 maata joissa on eniten Covid-19-tapauksia 5. maa 2021

Klikkaa tästä pelataksesi tätä visaa!

Yleistilastot

  • Tätä visaa on pelattu 7 kertaa
  • Keskiarvotulos 14 / 27

Vastaustilastot

maa% Oikein
Espanja
100%
Ranska
100%
Saksa
100%
Venäjä
100%
Brasilia
83%
Intia
83%
Italia
83%
Ruotsi
83%
Yhdistynyt
kuningaskunta
83%
Yhdysvallat
83%
Argentiina
67%
Meksiko
50%
Portugali
50%
Turkki
50%
Alankomaat
33%
Belgia
33%
Iran
33%
Kolumbia
33%
Puola
33%
Tšekki
33%
Liettua
17%
Slovenia
17%
Sveitsi
17%
Bahrain
0%
Georgia
0%
Israel
0%
Panama
0%

Tulosjakauma

Persentiili vastausten määrän mukaan

Jokaisen tuloksen saaneiden osuus

Tuloshistoriasi

Et ole pelannut tätä visaa